• 首页
  • 本馆介绍
  • 公告通知
  • 最新文献
  • 馆藏检索
  • 电子资源
  • 读者导购
  • 参考咨询
  • 我的图书馆
  • 登录
  • 详细信息显示
  • 放入我的书架
  • 预约/预借图书
  • 作者相关作品
  • 分类相关作品
  • 丛书相关作品
  • 出版社相关作品

书目信息

  • 表格格式
  • 工作单格式
  • 卡片格式
题名:
世界主要国家和地区社会发展比较统计资料
    
 
作者: ;国家统计局国际统计信息中心
分册:  
出版信息:   中国统计出版社  
页数: 259
开本: 21cm
丛书名:
单 册:
中图分类: C83
科图分类:
主题词: 统计资料--世界
电子资源:
ISBN: 7-5037-0548-5
000 00674nam0 2200181 450
001 0760515518
005 20070817164835.51
010    @a7-5037-0548-5@d¥8.00
100    @a20070817d km y0chiy0120 ea
101 0  @achi
200 1  @a世界主要国家和地区社会发展比较统计资料@Ashi jie zhu yao guo jia he di qu she hui fa zhan bi jiao tong ji zi liao@f国家统计局国际统计信息中心@Fguo jia tong ji ju guo ji tong ji xin xi zhong xin
210    @c中国统计出版社
215    @a259@d21cm
606 0  @a统计资料@x世界
690    @aC83@v3
711 02 @a国家统计局国际统计信息中心@Aguo jia tong ji ju guo ji tong ji xin xi zhong xin
801  0 @aCN@bPFT@c20070817
905    @a213230@dC83@eg3@f1
    
    世界主要国家和地区社会发展比较统计资料/国家统计局国际统计信息中心.-中国统计出版社
    259;21cm
    
    
    ISBN 7-5037-0548-5:¥8.00
    
●
相关链接 在E读中查询图书 在五车中查询图书 在当当中查询图书 在豆瓣中查询图书


正题名:世界主要国家和地区社会发展比较统计资料     索取号:C83/g3         预约/预借

序号 登录号 条形码 馆藏地/架位号 状态 备注
1 6501028   265010285   密集书库-海洋学院/ [索取号:C83/g3] 在馆    
唐山师范学院图书馆 欢迎您!
大连网信软件有限公司© 版权所有